<?xml version="1.0" encoding="UTF-8"?>
<record
    xmlns:xsi="http://www.w3.org/2001/XMLSchema-instance"
    xsi:schemaLocation="http://www.loc.gov/MARC21/slim http://www.loc.gov/standards/marcxml/schema/MARC21slim.xsd"
    xmlns="http://www.loc.gov/MARC21/slim">

  <leader>01206nam a2200205 a 4500</leader>
  <datafield tag="999" ind1=" " ind2=" ">
    <subfield code="c">8006</subfield>
    <subfield code="d">8006</subfield>
  </datafield>
  <controlfield tag="003">OSt</controlfield>
  <controlfield tag="005">20241219174755.0</controlfield>
  <controlfield tag="008">130130s2009||||||||||||||||||||||||||||d</controlfield>
  <datafield tag="040" ind1=" " ind2=" ">
    <subfield code="a">CDMR</subfield>
    <subfield code="b">cat</subfield>
    <subfield code="c">CDMR</subfield>
  </datafield>
  <datafield tag="110" ind1="2" ind2=" ">
    <subfield code="9">2397</subfield>
    <subfield code="a">Grup de Periodistes Ramon Barnils</subfield>
  </datafield>
  <datafield tag="245" ind1=" " ind2="0">
    <subfield code="a">Viol&#xE8;ncies masclistes contra periodistes [Recurs electr&#xF2;nic] </subfield>
    <subfield code="b">: com impacten en les dones en la professi&#xF3; i condicionen l&#x2019;exercici del periodisme a Catalunya </subfield>
    <subfield code="c">/ [aquest informe l&#x2019;ha elaborat M&#xE8;dia.cat, l&#x2019;Observatori Cr&#xED;tic dels Mitjans impulsat pel Grup de Periodistes Ramon Barnils, amb el suport de la Fundaci&#xF3; Catalunya - Fons per a la Defensa dels Drets dels Catalans ; redacci&#xF3;: Meritxell Rigol] </subfield>
  </datafield>
  <datafield tag="260" ind1=" " ind2=" ">
    <subfield code="a">[Barcelona] </subfield>
    <subfield code="b">: Grup de Periodistes Ramon Barnils</subfield>
    <subfield code="c">, 2024</subfield>
  </datafield>
  <datafield tag="300" ind1=" " ind2=" ">
    <subfield code="a">50 p&#xE0;gines (PDF)</subfield>
  </datafield>
  <datafield tag="650" ind1=" " ind2="0">
    <subfield code="9">3818</subfield>
    <subfield code="a">Mitjans de comunicaci&#xF3; de massa i dones</subfield>
    <subfield code="z">Catalunya</subfield>
  </datafield>
  <datafield tag="650" ind1=" " ind2="0">
    <subfield code="9">2913</subfield>
    <subfield code="a">Dones periodistes</subfield>
    <subfield code="z">Catalunya</subfield>
  </datafield>
  <datafield tag="650" ind1=" " ind2="0">
    <subfield code="9">4838</subfield>
    <subfield code="a">Viol&#xE8;ncia envers les dones en els mitjans de comunicaci&#xF3; de massa</subfield>
    <subfield code="z">Catalunya</subfield>
  </datafield>
  <datafield tag="700" ind1=" " ind2=" ">
    <subfield code="9">4997</subfield>
    <subfield code="a">Rigol, Meritxell</subfield>
  </datafield>
  <datafield tag="856" ind1=" " ind2=" ">
    <subfield code="u">https://www.media.cat/wp-content/uploads/2024/12/informe-violencies-masclistes-periodistes.pdf</subfield>
    <subfield code="z">Acc&#xE9;s en l&#xED;nia</subfield>
  </datafield>
  <datafield tag="942" ind1=" " ind2=" ">
    <subfield code="c">RECURS_WEB</subfield>
    <subfield code="2">udc</subfield>
  </datafield>
  <datafield tag="952" ind1=" " ind2=" ">
    <subfield code="0">0</subfield>
    <subfield code="1">0</subfield>
    <subfield code="4">0</subfield>
    <subfield code="7">0</subfield>
    <subfield code="a">CDMR</subfield>
    <subfield code="b">CDMR</subfield>
    <subfield code="d">2024-12-19</subfield>
    <subfield code="l">0</subfield>
    <subfield code="o">Disponible en l&#xED;nia</subfield>
    <subfield code="r">2024-12-19</subfield>
    <subfield code="w">2024-12-19</subfield>
    <subfield code="y">RECURS_WEB</subfield>
  </datafield>
</record>
